Designing with light : (Record no. 4684)
[ view plain ]
| 000 -LEADER | |
|---|---|
| fixed length control field | 00803nam a2200289 i 4500 |
| 001 - CONTROL NUMBER | |
| JCCL Control Number | 4684 |
| 003 - CONTROL NUMBER IDENTIFIER | |
| JCCL marc code | BD-JhCC |
| 005 - DATE AND TIME OF LATEST TRANSACTION | |
| control field | 20180102181635.0 |
| 008 - FIXED-LENGTH DATA ELEMENTS--GENERAL INFORMATION | |
| fixed length control field | 780712s1978 caua b 001 0 eng |
| 020 ## - INTERNATIONAL STANDARD BOOK NUMBER | |
| International Standard Book Number | 0874844207 |
| 035 ## - SYSTEM CONTROL NUMBER | |
| system control number | (BD-JhCC)4684 |
| 040 ## - CATALOGING SOURCE | |
| Original cataloging agency | DLC |
| Transcribing agency | DLC |
| Modifying agency | DLC |
| -- | BD-JhCC |
| 041 ## - LANGUAGE CODE | |
| Language code of Book | eng |
| 050 00 - LIBRARY OF CONGRESS CALL NUMBER | |
| Classification number | PN2091.E4 |
| Item number | G5 |
| 082 00 - DEWEY DECIMAL CLASSIFICATION NUMBER | |
| Classification number | 621.32 |
| Author mark and Year | GIL 1978 |
| 100 1# - MAIN ENTRY--PERSONAL NAME | |
| Personal name | Gillette, J. Michael. |
| 245 10 - TITLE STATEMENT | |
| Title | Designing with light : |
| Remainder of title | an introduction to stage lighting / |
| Statement of responsibility, etc | J. Michael Gillette. |
| 250 ## - EDITION STATEMENT | |
| Edition statement | 1st ed. |
| 260 ## - PUBLICATION, DISTRIBUTION, ETC. (IMPRINT) | |
| Place of publication, distribution, etc | Palo Alto, Calif. : |
| Name of publisher, distributor, etc | Mayfield Pub.Co., |
| Date of publication, distribution, etc | 1978. |
| 300 ## - PHYSICAL DESCRIPTION | |
| Pagination | vi, 195 p. : |
| Other physical details | ill. ; |
| Dimensions | 23 cm. |
| 500 ## - GENERAL NOTE | |
| General note | Includes index. |
| 504 ## - BIBLIOGRAPHY, ETC. NOTE | |
| Bibliography, etc | Bibliography: p. 191-192. |
| 650 #0 - SUBJECT ADDED ENTRY--TOPICAL TERM | |
| Topical term or geographic name as entry element | Stage lighting. |
| 650 #0 - SUBJECT ADDED ENTRY--TOPICAL TERM | |
| Topical term or geographic name as entry element | Lighting Design |
| 942 ## - ADDED ENTRY ELEMENTS (KOHA) | |
| Source of classification or shelving scheme | Dewey Decimal Classification |
| Koha item type | Books |
| Source of classification or shelving scheme | Damaged status | Not for loan | Home library | Current library | Shelving location | Date of accession | Source of acquisition | Total Checkouts | Full call number | Barcode | Date last seen | Copy number | Koha item type |
|---|---|---|---|---|---|---|---|---|---|---|---|---|---|
| Dewey Decimal Classification | JCC Rouf Library | JCC Rouf Library | General Stacks | 11/29/2017 | Tha Asia Foundation | 621.32 GIL 1978 | 6432 | 11/29/2017 | C - 1 | Books | |||
| Dewey Decimal Classification | JCC Rouf Library | JCC Rouf Library | General Stacks | 01/02/2018 | 621.32 GIL 1978 | 7424 | 01/02/2018 | C-2 | Books |